| 000 | 01246nam0a2200337 i 4500 | ||
|---|---|---|---|
| 001 | RU\NLR\BIBL_A\011250934 | ||
| 005 | 20241105222319.0 | ||
| 010 |
_a9785804204878 _9350 |
||
| 021 |
_aRU _b2016-76871 _95002 |
||
| 035 | _a(NILC)RuMoRGB-008642194 | ||
| 035 | _a(NLR Aleph) 011250934 | ||
| 090 |
_a12166706 _c12166706 |
||
| 100 | _a20161020d2016 m y0rusy50 ca | ||
| 101 | 0 | _arus | |
| 102 | _aRU | ||
| 105 | _aabc z 010zy | ||
| 200 | 1 |
_aОтчий дом, милый край в моем сердце всегда _e120 лет Кормиловке _f[гл. ред.: Громада С. И.] |
|
| 210 |
_aОмск _cХорошо _d2016 |
||
| 215 |
_a119, [1] с. _cил., цв. ил., портр., карта _d31 |
||
| 517 | 1 | _a120 лет Кормиловке | |
| 517 | 1 | _aСто двадцать лет Кормиловке | |
| 607 |
_aКормиловский район (Омская область) _92497926 _3RU\NLR\AUTH\661481716 |
||
| 675 | _a94(47) | ||
| 686 | 1 | _aТ3(2Р-4Ом)0,02 | |
| 702 | 1 |
_aГромада _bС. И. _gСветлана Ивановна _4340 |
|
| 801 | 0 |
_aRU _bРГБ _c20161007 _gRCR |
|
| 801 | 2 |
_aRU _bРГБ _c20161014 _grcr |
|
| 942 | _cBOOK | ||
| 980 | _aNBR | ||